Guess the Taylor Swift Song by the Lyrics #9 - Statistics

General Stats
  • This quiz has been taken 34 times
  • The average score is 291 of 524
Answer Stats
LYRICS % Correct
I
100%
you
97%
You
97%
a
93%
me
93%
my
93%
the
93%
The
93%
We
90%
we
90%
when
90%
your
90%
an
87%
is
87%
love
87%
And
83%
and
83%
be
83%
I'm
83%
in
83%
In
83%
so
83%
So
83%
to
83%
You're
80%
it
77%
It
77%
On
77%
on
77%
that
77%
There
77%
were
77%
We're
77%
for
73%
like
73%
they
73%
all
70%
At
70%
But
70%
don't
70%
Don't
70%
it's
70%
of
70%
our
70%
this
70%
I'd
67%
if
67%
no
67%
time
67%
Time
67%
was
67%
as
63%
have
63%
just
63%
mine
63%
night
63%
did
60%
Down
60%
down
60%
know
60%
one
60%
by
57%
had
57%
head
57%
said
57%
us
57%
would
57%
been
53%
saw
53%
that's
53%
That's
53%
back
50%
off
50%
Oh
50%
say
50%
Cause
47%
their
47%
always
43%
even
43%
Even
43%
every
43%
gonna
43%
Stop
43%
you'd
43%
you'll
43%
old
40%
somethin'
40%
something
40%
there's
40%
these
40%
those
40%
walked
40%
way
40%
We'll
40%
would've
40%
first
37%
home
37%
life
37%
once
37%
only
37%
read
37%
right
37%
thought
37%
timeless
37%
antique
33%
each"
33%
each
33%
house
33%
let
33%
man
33%
shop
33%
sign
33%
war
33%
about
30%
away
30%
block
30%
cents
30%
eye
30%
fight
30%
hands
30%
left
30%
mind
30%
street
30%
things
30%
we'd
30%
counter
27%
dance
27%
face
27%
fine
27%
hair
27%
kind
27%
made
27%
met
27%
put
27%
really
27%
still
27%
twenty-five
27%
we've
27%
1944
23%
came
23%
find
23%
lifetime
23%
box
20%
crowded
20%
fell
20%
found
20%
God
20%
gray
20%
hard
20%
letters
20%
other
20%
"Photos:
20%
photos
20%
room
20%
single
20%
1958
17%
called
17%
comin'
17%
date
17%
different
17%
Hello
17%
kinda
17%
lookin'
17%
marry
17%
Story
17%
story
17%
supposed
17%
white
17%
years
17%
another
13%
Black
13%
body
13%
cardboard
13%
couple
13%
die
13%
instead
13%
laughin'
13%
porch
13%
prayed
13%
run
13%
short
13%
smile
13%
sometimes
13%
soul
13%
turnin'
13%
30s
10%
ago
10%
behind
10%
believe
10%
brought
10%
explain
10%
few
10%
forgot
10%
headed
10%
Holdin'
10%
land
10%
lovers
10%
same
10%
started
10%
book
7%
breaks
7%
bride
7%
classic
7%
cobwebs
7%
covered
7%
driveway
7%
forced
7%
foreign
7%
Hundreds
7%
precious
7%
proof
7%
somehow
7%
stood
7%
teenage
7%
torn
7%
touch
7%
turned
7%
upon
7%
1500s
3%
age-old
3%
apart
3%
caught
3%
fate
3%
romance
3%
round
3%
Which
3%
school
0%
No matching quizzes found
Score Distribution
Percent of People with Each Score
Percentile by Number Answered
Your Score History
You have not taken this quiz